00720nam a2200193 a 450000100100000000500170001000800410002702000150006804000250008308200140010810000380012224501190016026000490027930000280032850000260035604900090038295201180039199900170050900002174720200930011432.0100910s1999 pr a r 000 0 spa d a1563280094 aDO-SdBNPbspacBNPHU axxxbO58c1 aOnivera Morales, Juan Luis94519810aCurso de comunicación activa :bDesarrollo de las destrezas básicas del español /cJuan Luis Onieva Morales. aSan Juan, Puerto Rico :bPlaza Mayor,c1999. a311 p. :bil. ;c27 cm. aEdición definitiva. aBNGR 001054708MOaGRbGRcCTd2010-09-10iLF1l0oxxx O58cp21747-10r2020-06-25w2020-06-25y4ZPréstamo en sala c21246d21246